| 000 | 00781nam a22002537i 4500 | ||
|---|---|---|---|
| 003 | DO-SdBNP | ||
| 005 | 20250520132752.0 | ||
| 007 | ta | ||
| 008 | 250520b2016 |||||||| |||| 00| 0 spa d | ||
| 020 | _a9781516947669 | ||
| 040 |
_aDO-SdBNP _bspa _cBNPHU _erda |
||
| 041 | _hspa | ||
| 082 |
_axxx _bT693h _222 |
||
| 111 | 1 |
_aConcurso de Arte y Literatura Bancentral _cSanto Domingo, República Dominicana) _d27 : 2023 _987834 |
|
| 245 | 1 |
_aHistorias en la media isla / _cLeonardo E. Torres Madera |
|
| 264 |
_aEstados Unidos : _bCharleton, SC _c2016 |
||
| 300 |
_a412 páginas ; _c24 cm |
||
| 336 |
_ardacontent _btexto _2txt |
||
| 337 |
_ardamedia _bsin mediación _2n |
||
| 338 |
_ardacarrier _bvolumen _2nc |
||
| 590 | _aInventariado, 2025/DG | ||
| 910 | _aDG | ||
| 942 |
_2ddc _cLBS1 |
||
| 999 |
_c59066 _d59066 |
||